000 00381nam a22001697a 4500
005 20160628094329.0
008 160628b xxu||||| |||| 00| 0 eng d
020 _a0-89659-664-8
041 _aeng
082 _b10704
100 _aJulie, Schafter Dale
_93016
245 _aArt to Wear
260 _bAbheville Press
300 _a317
650 _aManagement
_9241
942 _cBK
999 _c4359
_d4358